000 00286nam a22001337a 4500
008 170303b xxu||||| |||| 00| 0 eng d
020 _a9780815115175
041 _aeng
080 _a616.073
100 _a6
101 _aSHM
245 _aACLS SCENAROS
_cCUMMINS, R.O
942 _2udc
_cBK
999 _c6652
_d6652